000 01502nam2a2200265 4500
001 rc\4099587
005 20260604131752.0
035 _a(NLR Aleph) 007974506
090 _a8480625
_c8480625
100 _a20130415d1959 km|y0rusy50 ba
101 0 _arus
102 _aRU
105 _aab i 000yy
200 1 _aБассейн Балтийского моря
_hВып. 0–3
_iБассейн Финского и Рижского заливов от государственной границы с Финляндией до северного водораздела р. Салаца
_f... Северо-Западное управление гидрометеорологической службы
_gпод редакцией Н. И. Зарубиной и И. В. Кузнецова
210 _d1959
215 _a614, [2] с., [2] л. карт
_cтабл.
461 0 _1001rc\956501
_12001#$aГидрологический ежегодник, 1955 г.$e[результаты наблюдений]$fГлавное управление гидрометеорологической службы при Совете Министров СССР$vТ. 1
702 1 _aЗарубина
_bН. И.
_4340
712 0 2 _aСеверо-Западное управление гидрометеорологической службы
_3RU\NLR\AUTH\889919935
_4570
801 0 _aRU
_bNLR
_gpsbo
801 1 _aRU
_bELAR
_2rusmarc
852 _aNLR
_j58-9/2
942 _cBOOK
980 _aNB